000 01177nam a22002537a 4500
005 20170124103200.0
010 _aB-117717
020 _c60.00
035 _aB-117717
037 _bCen Lib/Ret
040 _aDPL
_bHN
082 _a677
_bबटाली
100 _aबटालीया, संतोष एस.
_9103819
245 _aवस्त्र निर्माण विज्ञान /
_cसंतोष एस. बटालीया
246 _aVastra nirman vigyan /
_bby Santosh S. Bataliya
260 _aभोपाल
_bमध्यप्रदेश हिंदी ग्रन्थ अकादमी
_c2003
270 _bभोपाल
_aरविन्द्रनाथ ठाकुर मार्ग, बानगंगा
300 _a198पृ.:
_c21सेमी(अजिल्द )
_bसचित्र
650 _aवस्त्र निर्माण कला
_x
_z
_991480
650 _aवस्त्र निर्माण-- बुनाई
_9103820
650 _aClothing Construction Art
_991482
650 _aTextile weaving Nirman
_9103821
942 _2ddc
_cHN
_h677
_mबटाली
999 _c120597
_d120597